00807nam a2200217 a 450000100100000000500170001000800410002704000250006808200150009310000400010824000410014824500480018926000310023730000290026850000520029750000500034953400510039904900090045095201130045999900170057200002143720200930011328.0100907s1955 sp r 000 | spa d aDO-SdBNPbspacBNPHU axxxbF773m1 aFourastié, Jeand1907-1990944728 0aMachinisme et bien-êtrelespañol10aMaquinismo y bienestar /cJean Fourastié. aBarcelona :bArgos,c1955. a362 p., :bil. ;c18 cm. aIncluye notas y referencias al pie de páginas aIncluye bibliografía e índice de materias aTítulo original :tMachinisme et bien-être aBNGR 001050718MOaGRbGRcCTd2010-09-07iLF1l0oxxx F773mp21437-10r2020-06-25w2020-06-25y1ZNo se presta c20937d20937